00553nam a2200157 a 450000100100000000500170001000800410002704000250006810000260009324500550011926000700017430000200024404900090026495201050027399900170037800002832320200930031535.0110407s1981 dr 000 0 spa d aDO-SdBNPbspacBNPHU1 aBodden, Daniel95530810aUsos y abusos de la electricidad /cDaniel Bodden. aSanto Domingo :bCorporación Dominicana de Electricidad,c1981. a25 p. ;c22 cm. aBNPD 0010718PDaPDbPDcCTd2011-04-07iLF1l0o p28323-10r2020-06-25w2020-06-25yLFPDZNo se presta c27815d27815